[Event "Danzhou 4th"]
[Site "Danzhou"]
[Date "2013.05.27"]
[Round "7"]
[White "Ding, Liren"]
[Black "Ni, Hua"]
[Result "1-0"]
[WhiteElo "2707"]
[BlackElo "2646"]
[Annotator "CB"]
[PlyCount "91"]
[EventDate "2013.05.20"]
[EventType "tourn"]
[EventRounds "9"]
[EventCountry "CHN"]
[EventCategory "15"]
[SourceTitle "CBM 155"]
[Source "ChessBase"]
[SourceDate "2013.07.16"]
[SourceVersion "1"]
[SourceVersionDate "2013.07.16"]
[SourceQuality "1"]

1. d4 d5 2. c4 c6 3. Nc3 Nf6 4. e3 g6 {Diese Variante könnte man getrost
Chinesische Verteidigung nennen. Ni Hua, Wang Hao, Wang Yue, Bu Xiangzhi und
Li Chao wenden sie regelmäßig an. Außerdem der Vietnamese Le Quang Liem.} 5.
Nf3 Bg7 6. Be2 O-O 7. O-O b6 {Hier hat Schwarz fast schon jeden legalen Zug
probiert.} (7... Bg4) (7... Nbd7) (7... dxc4) (7... a6) (7... e6) 8. b4 Ne4 ({
Ein frühes Beispiel für diese Variante:} 8... Bb7 9. Bb2 Nbd7 10. cxd5 cxd5
11. Qb3 Qb8 12. a4 a6 13. b5 a5 14. Rac1 Rc8 15. Rc2 e6 16. Ba3 Bf8 17. Bxf8
Kxf8 18. Qa3+ Kg7 19. Rfc1 Rc7 20. Nd1 Rxc2 21. Rxc2 Qf8 {1/2-1/2 (21)
Petrosian,T (2645)-Hort,V (2600) Moscow 1975}) 9. Bb2 Nxc3 10. Bxc3 e6 {
Eine Neuerung.} ({Bisher spielte man} 10... Nd7 11. Qb3 Bb7 12. cxd5 (12. a4 a6
13. Rfc1 e6 14. cxd5 exd5 15. Ne1 b5 16. Nd3 Re8 17. Ra2 h5 18. Rca1 Rb8 19.
axb5 axb5 20. Ra7 Qc7 21. R1a3 Nb6 22. Nc5 Nc8 23. R7a5 Nd6 24. Qa2 Bf8 25. Ra7
Qd8 26. Bf1 Bc8 27. Nd3 Nc4 28. Ne5 Bb7 29. Bxc4 dxc4 30. Qe2 Rxe5 31. dxe5 c5
32. bxc5 Bxc5 33. e6 fxe6 34. Ra1 Bxa7 35. Rxa7 b4 36. Bxb4 Bc6 37. Be1 Qd3 38.
Ra2 Rb1 39. f3 Qxe2 40. Rxe2 c3 41. Kf2 Bb5 42. Bxc3 Bxe2 43. Kxe2 Kf7 44. h4
Rg1 45. Kf2 Rc1 46. Be5 Rc2+ 47. Kf1 Ke8 48. e4 Kd7 49. Bf4 Kc6 50. Bg5 Kb5 51.
Bh6 Kc4 52. Bg5 {1/2-1/2 (52) Nepomniachtchi,I (2718)-Wang Yue (2697) St
Petersburg 2012}) 12... cxd5 13. a4 a6 14. Ne1 Nf6 15. Ra2 Ne4 16. Ba1 Rc8 17.
Nd3 e6 18. a5 b5 19. Bf3 Qe7 20. Rd1 Nd6 21. g3 Rcd8 22. Bg2 Nc4 23. Re2 Rd6
24. Bc3 Rfd8 25. f4 Bc6 26. Qb1 Na3 27. Qa1 Nc4 28. Qb1 Na3 29. Qa1 Nc4 30. Qb1
{1/2-1/2 (30) Giri, A (2730)-Wang Hao (2742) London 2012}) ({oder} 10... Bb7
11. Qb3 e6 12. a4 a6 13. cxd5 exd5 14. b5 cxb5 15. axb5 a5 16. Ne5 Qd6 17. Bb2
Rc8 18. Bg4 f5 19. Bf3 Nd7 20. Ba3 Qe6 21. Nc6 Bxc6 22. bxc6 Nf6 23. Qxb6 Qxc6
24. Rfb1 Qxb6 25. Rxb6 Ne4 26. Rb5 Rc2 27. Rxd5 a4 28. Rb5 Bf8 29. g4 Bxa3 30.
Rxa3 Rf8 31. gxf5 Nxf2 32. Kf1 gxf5 33. Rxa4 f4 34. exf4 Nd3 35. Rg5+ Kh8 36.
Ra8 Rxa8 37. Bxa8 Rxh2 38. f5 Rf2+ 39. Kg1 Rf4 40. Bd5 h6 41. Rg8+ Kh7 42. Rd8
Ne1 43. Re8 Rxd4 44. Be4 Kg7 45. Kf2 Kf7 46. Re6 Nd3+ 47. Ke3 Nc5 48. Kxd4
Nxe6+ 49. fxe6+ {1/2-1/2 (49) Parligras,M (2635)-Li,C (2693) Fujairah City 2012
}) 11. a4 a6 12. Ne5 Bb7 13. c5 {Die weiße Bauernführung erinnert ein wenig
an das Go-Spiel.} b5 14. Ra3 Nd7 15. Qa1 Qc7 16. Qb2 f6 17. Nd3 e5 18. Rfa1
exd4 19. Bxd4 Ne5 20. Nf4 Qe7 21. Qc3 Nc4 22. R3a2 Rae8 23. h4 ({Gut war auch
gleich} 23. axb5 axb5 (23... cxb5 24. Bf3 $18 (24. c6 Bxc6 25. Rxa6 $18)) 24.
Ra7 {mit der Idee} Ra8 25. Nxd5 cxd5 26. c6 $18) 23... g5 24. Nh5 gxh4 25. axb5
axb5 (25... cxb5 26. c6 $18) 26. Ra7 Rb8 27. R1a6 Ra8 28. Qc2 Qd7 ({Zäher war
noch} 28... Rxa7 29. Rxa7 Ne5 30. Qf5 Rf7 $18) 29. Bd3 Qg4 (29... h6 {
scheitert an} 30. Bf5 Qc7 31. Be6+ Kh8 32. Rxa8 Rxa8 33. Rxa8+ Bxa8 34. Qg6 $18
{nebst Matt}) 30. Bxh7+ Kh8 31. Qg6 ({Strenger war} 31. Rxa8 Rxa8 32. Rxa8+
Bxa8 33. Nxf6 Qg5 34. Bg8 Qh6 35. Qf5 Bb7 36. Ng4 $18) 31... Qxg6 32. Bxg6 Bxa6
33. Rxg7 Ne5 34. Rh7+ Kg8 35. Nxf6+ Rxf6 36. Bxe5 Rxg6 37. Rh8+ Kf7 38. Rxa8
Bb7 {Der Läufe rettet sich noch, ist aber nicht gerade der Held in seiner
Wirkung.} 39. Rb8 Ba6 40. Kh2 Ke6 41. Bd4 Kf5 42. f3 Rh6 43. Kh3 Rh7 44. Rf8+
Ke6 45. Ra8 Bb7 46. Rh8 (46. Rh8 Rxh8 47. Bxh8 Kf5 48. Kxh4 $18) 1-0

[Event "Asia Clubs 1st"]
[Site "Al Ain"]
[Date "2008.12.27"]
[Round "3"]
[White "Guliev, Sarhan"]
[Black "Tissir, Mohamed"]
[Result "1-0"]
[WhiteElo "2490"]
[BlackElo "2463"]
[Annotator "CB"]
[PlyCount "53"]
[EventDate "2008.12.25"]
[EventType "team"]
[EventRounds "7"]
[EventCountry "UAE"]
[SourceTitle "CBM 127 Extra"]
[Source "ChessBase"]
[SourceDate "2009.01.08"]
[SourceVersion "2"]
[SourceVersionDate "2009.01.28"]
[SourceQuality "1"]

1. d4 Nf6 2. c4 c5 3. e3 g6 4. Nf3 Bg7 5. Nc3 O-O 6. Be2 cxd4 7. exd4 d5 {
The game started as a simple Queen Pawn Opening and has transposed into a
Tarrasch Defense with colors reversed.} 8. O-O Nc6 9. h3 b6 (9... Bf5 10. cxd5
Nxd5 11. Bg5 h6 12. Bh4 Nf4 13. Bg3 Nxe2+ 14. Qxe2 Nxd4 15. Nxd4 Qxd4 16. Rad1
Qc5 {is recomended by book}) 10. Bg5 dxc4 11. Bxc4 Na5 12. Be2 Bb7 13. Qd2 Rc8
14. Rad1 Nd5 {We have an isolated pawn middlegame, and Black proceeds to
blockade the pawn. White has active development.} 15. Rfe1 Nc4 16. Bxc4 Rxc4
17. Nxd5 Qxd5 18. Rxe7 Rxd4 {White won a pawn with the series of exchanges and
now goes on to sacrifice his queen for rook and minor piece. The ensuing
initiative leads to a mating attack.} 19. Qxd4 Bxd4 20. Rxd4 Qc6 21. Rdd7 {
Two rooks on seventh rank is a powerful asset.} Bc8 22. Rc7 Qd5 23. Bh6 Rd8 24.
Ng5 {The knight joins the fray and even giving up his rook White manages to
weave a mating net} Bd7 25. Rxf7 Qd1+ 26. Kh2 Qd6+ 27. f4 1-0

[Event "Interzonal-15"]
[Site "Manila"]
[Date "1990.??.??"]
[Round "6"]
[White "Gulko, Boris F"]
[Black "Petursson, Margeir"]
[Result "1/2-1/2"]
[WhiteElo "2600"]
[BlackElo "2550"]
[Annotator "ChessBase"]
[PlyCount "62"]
[EventDate "1990.06.29"]
[EventType "swiss"]
[EventRounds "13"]
[EventCountry "PHI"]
[SourceTitle "CBM 019"]
[Source "ChessBase"]
[SourceDate "1990.12.01"]
[SourceVersion "1"]
[SourceVersionDate "1990.12.01"]
[SourceQuality "1"]

1. Nf3 d5 2. c4 c6 3. e3 g6 4. d4 Bg7 5. Nc3 Nf6 6. Bd2 O-O 7. Rc1 e6 8. Bd3
Nbd7 (8... Na6) 9. O-O dxc4 10. Bxc4 c5 11. dxc5 Nxc5 12. Qc2 b6 13. b4 Ncd7
14. e4 Bb7 15. Rfe1 a6 16. Bf4 Rc8 17. Qb3 b5 18. Bf1 Ng4 19. h3 Nge5 20. Nxe5
Nxe5 21. Red1 Qe7 22. Be3 Rfd8 23. Bc5 Qg5 $10 24. Rxd8+ Rxd8 25. Be3 Qf6 26.
a4 Nd3 27. Rc2 bxa4 28. Qxa4 Qe7 29. b5 axb5 30. Nxb5 Qb4 31. Qxb4 Nxb4 1/2-1/2

[Event "Khanty-Mansiysk FIDE GP (Women)"]
[Site "Khanty-Mansiysk"]
[Date "2014.04.09"]
[Round "1"]
[White "Zhao, Xue"]
[Black "Lagno, Kateryna"]
[Result "1-0"]
[WhiteElo "2552"]
[BlackElo "2543"]
[Annotator "ChessBase Website"]
[PlyCount "59"]
[EventDate "2014.04.09"]
[EventType "tourn"]
[EventRounds "11"]
[EventCountry "RUS"]
[EventCategory "10"]
[SourceTitle "CBM 160"]
[Source "ChessBase"]
[SourceDate "2014.05.15"]
[SourceVersion "1"]
[SourceVersionDate "2014.05.15"]
[SourceQuality "1"]
[TimeControl "40/5400+30:1800+30"]
[WhiteClock "1:30:00"]
[BlackClock "1:30:00"]

1. Nf3 {[%emt 0:00:00]} g6 {[%emt 0:00:00]} 2. c4 {[%emt 0:00:58]} Bg7 {
[%emt 0:00:35]} 3. Nc3 {[%emt 0:01:21]} c5 {[%emt 0:00:35]} 4. e3 {[%emt 0:00:
16]} Nf6 {[%emt 0:02:09]} 5. d4 {[%emt 0:05:28]} O-O {[%emt 0:00:41]} 6. Be2 {
[%emt 0:04:42]} cxd4 {[%emt 0:03:35]} 7. Nxd4 {[%emt 0:02:20]} d5 {[%emt 0:02:
08]} 8. O-O {[%emt 0:00:58]} dxc4 {[%emt 0:03:56]} 9. Bxc4 {[%emt 0:00:20]} a6
{[%emt 0:12:38]} 10. a4 {[%emt 0:05:00]} Qc7 {[%emt 0:02:35]} 11. Ba2 {[%emt 0:
08:54]} (11. Qb3 Bd7 12. Nd5 Nxd5 13. Bxd5 Nc6 14. Nxc6 Bxc6 15. Bxc6 Qxc6 16.
Bd2 Rad8 17. Ba5 Qd5 18. Qb4 Rd7 19. g3 Rc8 20. Rac1 Rc6 21. e4 Qe6 22. Rcd1 h5
23. Rxd7 Qxd7 24. Qb3 Rd6 25. Bc3 Bxc3 26. Qxc3 Rd4 27. Re1 Rxa4 28. e5 e6 29.
h4 Rd4 30. Rc1 Qd5 31. Qe3 Kh7 32. Qg5 Qf3 33. Re1 Rd5 34. b4 Qf5 35. Qe3 Qg4
36. Qb6 Rd1 37. Rxd1 Qxd1+ 38. Kh2 {0-1 (38) Karimov,I (2292)-Barsov,A (2524)
Tashkent 2014}) 11... Rd8 {[%emt 0:07:54]} 12. Bd2 {[%emt 0:09:58]} e5 {
[%emt 0:04:20] Zhao Xue's opening was quite bad, and Lagno's position before
move ten was already preferable. However something went wrong and the
Ukrainian's series of mistakes were severely punished by very active play from
Zhao Xue who proceeded to sweep Lagno off the board.} 13. Nf3 {[%emt 0:03:10]}
Nc6 {[%emt 0:17:10]} 14. Ng5 {[%emt 0:05:02]} Rf8 {[%emt 0:04:46]} 15. Rc1 {
[%emt 0:11:58]} e4 {[%emt 0:06:14]} 16. Ngxe4 {[%emt 0:05:49]} Nxe4 {[%emt 0:
00:17]} 17. Nxe4 {[%emt 0:00:04]} Bxb2 {[%emt 0:02:52]} 18. Qc2 {[%emt 0:09:49]
} Bg7 {[%emt 0:01:14]} 19. Bb4 {[%emt 0:05:39]} Rd8 {[%emt 0:04:33]} 20. Ng5 {
[%emt 0:01:49]} Bf5 {[%emt 0:00:30]} 21. e4 {[%emt 0:07:30]} Qf4 {[%emt 0:06:
08]} 22. Nxf7 {[%emt 0:00:53]} Rd4 {[%emt 0:06:33]} 23. Bd6 {[%emt 0:06:15]}
Bxe4 {[%emt 0:01:42]} 24. Qb3 {[%emt 0:00:18]} Qf6 {[%emt 0:04:38]} 25. Qxb7 {
[%emt 0:00:05]} Re8 {[%emt 0:00:34]} 26. Ng5+ {[%emt 0:02:22]} Kh8 {[%emt 0:00:
11]} 27. Nxe4 {[%emt 0:00:36]} Rdxe4 {[%emt 0:03:25]} 28. Qxc6 {[%emt 0:00:06]}
h5 {[%emt 0:01:23]} 29. a5 {[%emt 0:01:26]} Qg5 {[%emt 0:00:39]} 30. Bf7 {
[%emt 0:00:36]} 1-0

[Event "Paris FIDE GP"]
[Site "Elancourt"]
[Date "2013.09.23"]
[Round "2"]
[White "Tomashevsky, Evgeny"]
[Black "Gelfand, Boris"]
[Result "1/2-1/2"]
[WhiteElo "2706"]
[BlackElo "2764"]
[Annotator "ChessBase Website"]
[PlyCount "39"]
[EventDate "2013.09.22"]
[EventType "tourn"]
[EventRounds "11"]
[EventCountry "FRA"]
[EventCategory "20"]
[SourceTitle "CBM 157"]
[Source "ChessBase"]
[SourceDate "2013.11.12"]
[SourceVersion "1"]
[SourceVersionDate "2013.11.12"]
[SourceQuality "1"]
[TimeControl "40/7200:20/3600:900+30"]
[WhiteClock "2:00:00"]
[BlackClock "2:00:00"]

1. d4 {[%emt 0:00:11] Both players know each other very well as Tomashevsky
was one of Gelfand's second in the important match against Anand. Gelfand
neutralized his opponent completely and accepted a draw by repetition in a
position where he had a queen for a rook and a bishop but it was somewhat
dangerous to play on.} Nf6 {[%emt 0:00:12]} 2. c4 {[%emt 0:00:07]} g6 {[%emt 0:
00:35]} 3. Nc3 {[%emt 0:00:08]} d5 {[%emt 0:00:02]} 4. Nf3 {[%emt 0:00:42]} Bg7
{[%emt 0:00:16]} 5. e3 {[%emt 0:00:07]} O-O {[%emt 0:00:08]} 6. Be2 {[%emt 0:
00:05]} c5 {[%emt 0:11:37]} 7. dxc5 {[%emt 0:01:19]} Qa5 {[%emt 0:05:24]} 8.
cxd5 {[%emt 0:19:39]} Nxd5 {[%emt 0:02:00]} 9. Qxd5 {[%emt 0:00:16]} Bxc3+ {
[%emt 0:00:04]} 10. Bd2 {[%emt 0:16:04]} Rd8 {[%emt 0:01:56]} 11. Qxd8+ {
[%emt 0:01:45]} Qxd8 {[%emt 0:00:03]} 12. Bxc3 {[%emt 0:00:08]} Nd7 {[%emt 0:
05:24]} 13. Rd1 {[%emt 0:14:40]} Qc7 {[%emt 0:02:03]} 14. O-O {[%emt 0:07:13]}
Nxc5 $146 {[%emt 0:02:08]} (14... Qxc5 15. Rd2 f6 16. Rfd1 Nf8 17. Rd8 b6 18.
Nd4 Bb7 19. Ne6 Qc6 20. Bf3 Qxe6 21. Bxb7 Rxd8 22. Rxd8 Kg7 23. Bd5 Qf5 24. e4
Qf4 25. g3 Qc7 26. Re8 a5 27. h4 h5 28. a3 Qd6 29. Ra8 Ne6 30. Rc8 Nc7 31. Rg8+
Kh7 32. Bb3 Nb5 33. Rc8 Nxc3 34. Rxc3 Qd2 35. Bd5 Qxb2 36. Rb3 Qd4 37. Re3 Kg7
38. Kg2 f5 {0-1 (38) Clarke,P-Honfi,K Wijk aan Zee 1970}) 15. Be5 {[%emt 0:06:
11]} Qb6 {[%emt 0:00:15]} 16. Bd4 {[%emt 0:00:18]} Qa5 {[%emt 0:01:28]} 17. Bc3
{[%emt 0:01:34]} Qb6 {[%emt 0:00:43]} 18. Bd4 {[%emt 0:00:22]} Qa5 {[%emt 0:03:
02]} 19. Bc3 {[%emt 0:00:13]} Qb6 {[%emt 0:00:20]} 20. Bd4 {[%emt 0:00:03]}
1/2-1/2

[Event "Bundesliga 0304"]
[Site "Germany"]
[Date "2004.04.25"]
[Round "15.5"]
[White "Reeh, Oliver"]
[Black "Dautov, Rustem"]
[Result "0-1"]
[WhiteElo "2446"]
[BlackElo "2610"]
[Annotator "Dautov,R"]
[PlyCount "84"]
[EventDate "2003.11.01"]
[EventType "team-tourn"]
[EventRounds "15"]
[EventCountry "GER"]
[SourceTitle "CBM 101"]
[Source "ChessBase"]
[SourceDate "2004.07.27"]
[SourceVersion "1"]
[SourceVersionDate "2004.07.27"]
[SourceQuality "1"]
[WhiteTeam "Hamburger SK"]
[BlackTeam "Baden Oos"]
[WhiteTeamCountry "GER"]
[BlackTeamCountry "GER"]

1. e4 c6 2. c4 d5 3. cxd5 cxd5 4. exd5 Nf6 5. Nc3 Nxd5 6. Nf3 Nxc3 7. bxc3 g6
8. Bc4 {Eine originelle Entwicklungsmethode. Weiß hält den Zug d2-d4 zurück
und entwickelt seine Läufer auf c4 und a3.} ({Die Hauptvarianten beginnen mit} 
8. d4 Bg7 9. Bd3 O-O 10. O-O Nc6 11. Re1) 8... Bg7 9. O-O (9. Ng5 O-O 10. Qf3
e6 11. d4 Nc6 12. O-O Na5 13. Bd3 Bd7 14. Rb1 Rc8 15. Ne4 Bc6 16. Qg3 Bxe4 17.
Bxe4 Qd7 $11 {Morozevich,A-Karpov,A/Moscow 1992}) 9... O-O 10. Re1 Nc6 {
In Frage kam auch das zwischenzeitige 10...Qc7.} (10... Qc7 11. Bb3 Nc6 12. Ba3
Bf6 13. Qe2 Bf5 14. Rac1 Rac8 15. h3 h5 16. d4 Na5 17. c4 Nxb3 18. axb3 Rfd8
19. d5 $14 {Mamedov,R-Erenburg,S/Aviles 2003}) 11. h3 (11. a4 Bg4 12. Be2 e5
13. Ba3 Re8 14. h3 Bf5 15. Bb5 Rc8 (15... e4 $1 $15) 16. d4 exd4 17. Bxc6 Rxe1+
18. Qxe1 bxc6 19. Nxd4 Bxd4 20. cxd4 $11 {Gdanski,J-Gaertner,G/Panormo 2001})
11... b6 {Es ist bestimmt kein Fehler, aber hier und im nächsten Zug war
Nc6-a5 genauer, um die zukünftige Position des weißen Läufers zu klären.} (
11... Na5 $1 12. Bf1 (12. Bb3 Nxb3 13. axb3 b6 14. Ba3 Re8 15. d4 Bb7 $11)
12... b6 13. Ba3 Re8 14. Ne5 Bb7 15. d4 Rc8 $11) 12. a4 Bb7 $6 (12... Na5 $1
13. Ba2 Bb7 14. Ba3 Re8 15. Ng5 e6 16. Ne4 Bxe4 17. Rxe4 Rc8 $11) 13. Ba3 Bf6 {
Nun musste ich mich dieses unnatürlichen Zuges bedienen, um den Bauern e7
ausreichend zu schützen.} (13... Re8 $4 {verliert wegen} 14. Bxf7+ $3 Kxf7 15.
Ng5+ Kg8 16. Qb3+ e6 17. Rxe6 $18) 14. Ba2 Re8 $11 15. d4 e6 (15... Rc8 $5 16.
Rc1 (16. Qe2 e6 17. Rad1 Na5 $11) (16. Qd2 Na5 $11) 16... Na5 17. Ne5 Bxe5 18.
Rxe5 Nc4 $11) 16. Qd2 (16. Nd2 Na5 17. Ne4 Be7 18. Bxe7 Qxe7 $11) 16... Rc8 $6
{Dies ist bereits eine Ungenauigkeit, ich habe den nächsten Zug von Weiß
unterschätzt. Sicherer wäre es, das Feld f4 mit 16...Qc7 unter Kontrolle
nehmen.} (16... Qc7 $1 17. Qh6 (17. c4 Rad8 18. Bb2 Na5 $17) 17... Na5 18. Re3
Bxf3 19. Rxf3 Bg7 $11) 17. Qf4 $1 {Droht mit 18.d4-d5, was auch nach 17...Na5
stark ist.} Na5 {Nach langem Nachdenken ließ ich mich auf eine forcierte
Variante ein, anstatt mit 17...Kg7 die Spannung in der Stellung
aufrechtzuerhalten.} (17... Kg7 $5 18. Rac1 (18. Bc1 Kg8 $11) (18. Bd6 Na5 $11)
18... Na5 19. Ne5 Qc7 20. Re3 Red8 21. h4 $36) 18. d5 $1 Bxd5 (18... g5 $2 19.
dxe6 $1 gxf4 (19... Rxe6 20. Qf5 Rxe1+ 21. Rxe1 $16) 20. exf7+ Kg7 21. fxe8=Q
Qxe8 22. Rxe8 Rxe8 23. Nd4 $16) (18... Bxc3 $2 19. dxe6 fxe6 20. Rxe6 Kg7 21.
Rc1 $16) 19. Bxd5 g5 $1 20. Nxg5 $1 (20. Qg3 $2 Qxd5 21. Rad1 Qf5 $17) 20...
Bxg5 21. Qg3 Kh8 {Gut möglich war auch 21...Qxd5.} (21... Qxd5 $5 22. Re5 Qd8
23. Rxg5+ Kh8 24. c4 Qf6 25. Re1 Rg8 $11) 22. Ba2 (22. Be4 Qf6 23. Rad1 Nc4 24.
Bc1 Bxc1 25. Rxc1 Rg8 $11) 22... Rg8 {Die Stellung ist etwa ausgeglichen. Als
Kompensation für seinen geschwächten König hat Schwarz gut koordinierte
Figuren und den Druck gegen c3. Reeh lehnte jedoch mein Remisangebot ab,
hauptsächlich aus Mannschaftsgründen.} 23. Rad1 Qf6 24. Bd6 Nc6 25. Bb1 Bh4 ({
Mit} 25... Bd2 {kann Schwarz kein Material einsammeln:} 26. Qd3 Qg7 27. Qxh7+
Qxh7 28. Bxh7 Bxe1 29. Bxg8 Bxf2+ 30. Kxf2 Kxg8 $11) 26. Qe3 Qg7 27. Be4 Bf6
28. Rd3 Ne5 29. Bxe5 Bxe5 30. Red1 Qf6 $138 31. g3 $138 {Die Stellung ist nach
wie vor ausgeglichen, aber hier begann gegenseitige Zeitnot.} Rc4 $5 (31...
Rxc3 32. Rxc3 Bxc3 33. Rd7 $11) (31... Rc7 $11) 32. Bg2 $2 {Nach dem korrekten
32.Qe2! sollte Schwarz auf die Eroberung des Pa4 lieber verzichten.} (32. Qe2
$1 Rc7 (32... Rxa4 33. Rf3 Qg7 34. Bxh7 $1 Rc8 35. Bc2 $14) 33. Rd7 Rgc8 34.
Qh5 h6 35. f4 Bxc3 36. Rd8+ Rxd8 37. Rxd8+ Qxd8 38. Qxh6+ Kg8 39. Bh7+ Kh8 40.
Bg6+ $11) 32... Rxa4 $17 33. f4 Bc7 34. Rd7 Rc4 35. R1d4 Rc5 36. Qd3 b5 37. Kh2
Bb6 38. Rb7 $2 Rxc3 $19 39. Qxc3 Bxd4 40. Qf3 Bb6 41. Qh5 Qd4 42. h4 Qe3 0-1

[Event "Keres Memorial-05"]
[Site "Tallinn"]
[Date "1985.02.23"]
[Round "3"]
[White "Drasko, Milan"]
[Black "Gavrikov, Viktor"]
[Result "1-0"]
[WhiteElo "2460"]
[BlackElo "2550"]
[Annotator "Dolmatov,S"]
[PlyCount "71"]
[EventDate "1985.02.21"]
[EventType "tourn"]
[EventRounds "15"]
[EventCountry "URS"]
[EventCategory "9"]
[SourceTitle "MCL"]
[Source "ChessBase"]
[SourceDate "1999.07.01"]
[SourceVersion "1"]
[SourceVersionDate "1999.07.01"]
[SourceQuality "1"]

1. Nf3 g6 2. c4 Bg7 3. d4 Nf6 4. Nc3 d5 5. e3 O-O 6. b4 c6 (6... b6 $5 7. Bb2
c5 8. bxc5 bxc5 9. dxc5 $2 Na6 10. c6 Ne4 11. Nd4 Rb8 $17 {Miles,A-Korchnoi,V/
Bruxelles/1986/ Inf 41/549/}) (6... Ne4 $5) 7. Bb2 Ne4 (7... a5 8. b5 Ne4 9.
Rc1 Nd7 10. cxd5 Nxc3 11. Rxc3 cxd5 12. Be2 Nf6 13. Ne5 Ne4 14. Rc1 a4 15. O-O
$14 {Bagirov,V-Gulko,B/USSR/1973/ Inf 15/570/}) 8. Bd3 Nxc3 9. Bxc3 dxc4 10.
Bxc4 Nd7 11. e4 (11. O-O Nb6 12. Bb3 Qd6 13. Rc1 Bg4 14. h3 Bxf3 15. Qxf3 Nd5
16. Bxd5 cxd5 $10 {Holmov,R-Korchnoi,V/USSR/1954/}) 11... Nb6 (11... c5 $5 12.
bxc5 Nxc5 13. Qc2 Be6 14. Be2 Rc8 $13) 12. Bb3 Bg4 13. O-O Qd6 14. h3 Be6 $6 (
14... Bxf3 15. Qxf3 Bxd4 16. Rad1 e5 17. Rd2 a5 $5 (17... Rad8 $6 18. Rfd1 Rd7
19. Bxd4 exd4 20. Rxd4 Qxd4 21. Rxd4 Rxd4 22. a3 $14) 18. bxa5 Nd7 19. Rfd1 c5
$10) 15. Rc1 Rad8 16. a4 $14 Na8 $2 (16... Bc4 $1 17. Bxc4 (17. Re1 Qe6 18.
Bxc4 Qxc4) 17... Nxc4 18. b5 $14) 17. d5 Bxc3 $2 (17... cxd5 18. Bxg7 Kxg7 19.
Qd4+ f6 20. exd5 Bxd5 21. Bxd5 Qxd5 22. Qxa7 e5 23. a5 $14) 18. dxe6 Qxd1 19.
exf7+ Kg7 20. Rfxd1 $16 Bxb4 21. Ne5 {/\ Nd7} (21. Ng5 $2 Nc7 22. f4 Bd2) 21...
Bd6 22. Nd3 e5 23. g3 g5 (23... Nb6 24. f4 Nd7 25. Kg2) 24. f4 exf4 25. e5 Be7
26. gxf4 gxf4 27. Nxf4 $18 Nc7 28. Kf2 Kh6 29. Rxd8 Rxd8 30. Kf3 c5 31. Rg1 b6
(31... b5 $1 32. axb5 Nxb5 33. Bc4 $18) 32. Rg8 Rf8 33. Ne2 b5 34. Ng3 c4 35.
Nf5+ Kh5 36. Bd1 (36. Bd1 Rxf7 37. Kf4#) 1-0